<?xml version="1.0" encoding="utf-8"?>
<?xml-stylesheet type='text/xsl' href='./oai2.xsl'?>
<OAI-PMH xmlns="http://www.openarchives.org/OAI/2.0/" xmlns:xsi="http://www.w3.org/2001/XMLSchema-instance" xsi:schemaLocation="http://www.openarchives.org/OAI/2.0/ http://www.openarchives.org/OAI/2.0/OAI-PMH.xsd">
  <responseDate>2026-05-15T18:15:23Z</responseDate>
  <request verb="GetRecord" metadataPrefix="marcxml" identifier="record_kuniweb_1382065">https://kulturerbe.niedersachsen.de/oai</request>
  <GetRecord>
    <record>
      <header>
        <identifier>record_kuniweb_1382065</identifier>
        <datestamp>2024-02-22T10:22:04Z</datestamp>
        <setSpec>slg0242</setSpec>
      </header>
      <metadata>
        <marc:record xmlns:marc="http://www.loc.gov/MARC21/slim" xsi:schemaLocation="http://www.loc.gov/MARC21/slim http://www.loc.gov/standards/marcxml/schema/MARC21slim.xsd">
          <marc:leader>12345nrm  22     uu 4500</marc:leader>
          <marc:controlfield tag="001">1382065</marc:controlfield>
          <marc:controlfield tag="003">http://kuniweb.gbv.de</marc:controlfield>
          <marc:controlfield tag="005">2020-12-11T16:54:19</marc:controlfield>
          <marc:controlfield tag="008">|           ||||||||||||||||||||||</marc:controlfield>
          <marc:datafield tag="245" ind1="1" ind2="0">
            <marc:subfield code="a">Dreilagenkamm</marc:subfield>
          </marc:datafield>
          <marc:datafield tag="655" ind1=" " ind2="7">
            <marc:subfield code="a">Archäologie</marc:subfield>
          </marc:datafield>
          <marc:datafield tag="046" ind1=" " ind2=" ">
            <marc:subfield code="k">1300</marc:subfield>
            <marc:subfield code="k">ca. 14./15. Jahrhundert</marc:subfield>
            <marc:subfield code="l">1500</marc:subfield>
          </marc:datafield>
          <marc:datafield tag="260" ind1=" " ind2=" ">
            <marc:subfield code="g">1300</marc:subfield>
            <marc:subfield code="g">1500</marc:subfield>
            <marc:subfield code="g">ca. 14./15. Jahrhundert</marc:subfield>
          </marc:datafield>
          <marc:datafield tag="300" ind1=" " ind2=" ">
            <marc:subfield code="a">Länge: 6,5 cm
Breite: 4,4 cm
Dicke: 1 cm</marc:subfield>
          </marc:datafield>
          <marc:datafield tag="520" ind1=" " ind2=" ">
            <marc:subfield code="a">Dieser Dreilagenkamm gehört zu den Funden, die 1982 während einer archäologischen Notgrabung beim Bau des Gifhorner Rathauses gemacht wurden.

Der Terminus Dreilagenkamm beschreibt den Bauplan eines solchen Bein- oder Geweihkammes: mehrteilige Zahnplatten, die ein- oder zweiseitig Zinken aufweisen können, werden durch Griffstücke beidseitig zusammengehalten und verstärkt. Kämme dieser Machart sind seit der vorrömischen Eisenzeit bis in das späte Mittelalter nachgewiesen. Sie kommen mit und ohne Verzierung vor. Beim Gifhorner Exemplar waren die mittig angebrachten Griffstücke unverziert. Der Kamm wurde durch mehrere Metallnieten zusammengehalten. Wie bei modernen Kämmen besitzt auch das hier gezeigte Stück unterschiedlich feine Zinken auf beiden Seiten. (Baier 11/2020)

Ausgrabungs- / Untersuchungsdatum: 1982

Beschrieben in:
A. Wallbrecht, „Die Stadt Gifhorn : ein Beitrag zur Ersterwähnung der Stadt Gifhorn vor 800 Jahren. Archäologische Fundstellen im Landkreis Gifhorn ; 2“. Landkreis Gifhorn [u.a.], Gifhorn, 1997.</marc:subfield>
          </marc:datafield>
          <marc:datafield tag="773" ind1="0" ind2=" ">
            <marc:subfield code="t">Archäologische Sammlung</marc:subfield>
          </marc:datafield>
          <marc:datafield tag="852" ind1=" " ind2=" ">
            <marc:subfield code="a">Historisches Museum Schloss Gifhorn</marc:subfield>
          </marc:datafield>
          <marc:datafield tag="852" ind1=" " ind2=" ">
            <marc:subfield code="a">Gifhorn (Niedersachsen)</marc:subfield>
          </marc:datafield>
          <marc:datafield tag="" ind1=" " ind2=" ">
            <marc:subfield code="a">Namensnennung - Weitergabe unter gleichen Bedingungen 4.0 International (CC BY-SA 4.0)</marc:subfield>
          </marc:datafield>
        </marc:record>
      </metadata>
    </record>
  </GetRecord>
</OAI-PMH>
